| 000 | 00785cab a2200217 4500 | ||
|---|---|---|---|
| 001 | X2373 | ||
| 008 | 090401t1995 xxu||||| |||| 00| 0 eng d | ||
| 035 | _a(Sirsi) u23725 | ||
| 041 | _aeng | ||
| 245 | _aColonial Mutual General Insurance Company Ltd v ANZ Banking Group (New Zealand) Limited | ||
| 260 | _c1995 | ||
| 350 | _a0 | ||
| 490 |
_aNew Property Cases _v1995 NPC 111 |
||
| 520 | _aPrivy Council 27 June 1995. A second mortgagee is held entitled to payment of fire insurance policy proceeds depsite arguements that they had not adequately secured the assignment. N.B. - NOT TO BE PHOTOCOPIED. | ||
| 650 | _aFIRE INSURANCE | ||
| 650 | _aLAW OF PROPERTY ACT 1952 S78 | ||
| 650 | _aSECOND MORTGAGEE | ||
| 690 | _aINSURANCE-CASE LAW | ||
| 942 | _n0 | ||
| 948 | _c04/03/1997 | ||
| 999 |
_c15884 _d15884 |
||